Dangerous if disturbed (Record no. 71486)

MARC details
000 -LEADER
fixed length control field 01533cam a2200265 4500
001 - CONTROL NUMBER
control field ABS66054
008 - FIXED-LENGTH DATA ELEMENTS--GENERAL INFORMATION
fixed length control field 021030n2002 000 0 eng u
035 ## - SYSTEM CONTROL NUMBER
System control number (Sirsi) u120323
100 ## - MAIN ENTRY--PERSONAL NAME
Personal name Birkin, D
245 ## - TITLE STATEMENT
Title Dangerous if disturbed
260 ## - PUBLICATION, DISTRIBUTION, ETC.
Date of publication, distribution, etc. 2002
490 ## - SERIES STATEMENT
Series statement Estates Gazette
Volume/sequential designation (0241) 12 October 2002, 170-171(2)
520 ## - SUMMARY, ETC.
Summary, etc. Discusses the implications of the Control of Asbestos at Work Regulations 2002 for landlords, developers and property managers. The regulations place a 'duty to manage asbestos' on those who have a legal responsibility for the maintenance and repair of premises and compliance is required by 2004. Outlines the new duties which include conducting an asbestos survey, and stresses that asbestos should be left undisturbed and encapsulated if it is in good condition. Also mentions the HL ruling in "Fairchild v Glenhaven Funeral Services Ltd" which has paved the way for further compensation claims from sufferers of asbestos-related diseases. With three asbestos case studies.
590 ## - LOCAL NOTE (RLIN)
Local note ABS
650 ## - SUBJECT ADDED ENTRY--TOPICAL TERM
Topical term or geographic name entry element MANAGEMENT-HEALTH AND SAFETY-HAZARDOUS SUBSTANCES-ASBESTOS
650 ## - SUBJECT ADDED ENTRY--TOPICAL TERM
Topical term or geographic name entry element HEALTH AND SAFETY
9 (RLIN) 6244
650 ## - SUBJECT ADDED ENTRY--TOPICAL TERM
Topical term or geographic name entry element PROPERTY MANAGERS
650 ## - SUBJECT ADDED ENTRY--TOPICAL TERM
Topical term or geographic name entry element BUILT ENVIRONMENT-BUILDING MAINTENANCE AND REFURBISHMENT
650 ## - SUBJECT ADDED ENTRY--TOPICAL TERM
Topical term or geographic name entry element COMPENSATION
650 ## - SUBJECT ADDED ENTRY--TOPICAL TERM
Topical term or geographic name entry element FAIRCHILD V GLENHAVEN FUNERAL SERVICES LTD AND OTHERS
650 ## - SUBJECT ADDED ENTRY--TOPICAL TERM
Topical term or geographic name entry element R V HAMMERSMITH AND FULHAM LBC EX P BURKETT
650 ## - SUBJECT ADDED ENTRY--TOPICAL TERM
Topical term or geographic name entry element CONTROL OF ASBESTOS AT WORK REGULATIONS 2002
690 ## - LOCAL SUBJECT ADDED ENTRY--TOPICAL TERM (OCLC, RLIN)
Topical term or geographic name as entry element HEALTH AND SAFETY
9 (RLIN) 6244
942 ## - ADDED ENTRY ELEMENTS (KOHA)
Suppress in OPAC 0
Holdings
Withdrawn status Lost status Source of classification or shelving scheme Damaged status Not for loan Home library Current library Shelving location Date acquired Total Checkouts Full call number Barcode Date last seen Copy number Price effective from Koha item type
    Dewey Decimal Classification     London London Journal article 30/10/2002   ABS66054 120323-1001 06/08/2019 1 06/08/2019 Journal article